000 00345nam a2200133Ia 4500
008 151001s9999||||xx |||||||||||||| ||und||
100 _aमित्र नरंद्रनाथ
245 _aमहानगर
250 _a1
260 _bहिंद पॉकेट बुक्स
260 _c1982
300 _a141
365 _b17
999 _c961936
_d961933